000 00387nam a22001577a 4500
003 OSt
008 240409b |||||||| |||| 00| 0 eng d
020 _a9780857425010
082 _a891.4437
_bHAB
100 _aHAQ, Syed Shamsul
245 _aBlue Venom and Forbidden Incense Two Novellas
250 _a1st Ed
260 _aCacutta
_bSeagull
_c2015
300 _a180
942 _2ddc
_cREF
999 _c12409
_d12409